| 000 | 01695cam a2200241 4500 | ||
|---|---|---|---|
| 001 | ABS66189A | ||
| 008 | 021217n2002 000 0 eng u | ||
| 035 | _a(Sirsi) u120792 | ||
| 100 | _aChamberlain, K. | ||
| 245 | _aUK accession to the 1970 UNESCO Convention | ||
| 260 | _c2002 | ||
| 490 |
_aArt Antiquity and Law _v7(3) September 2002, 231-262(33) |
||
| 520 | _aConsiders how the "Unesco Convention on the Means of Prohibiting and Preventing the Illict Import, Export and Transfer of Ownershp of Cultural Property1970" can be implemented in the England and Wales through the provisions of common law, existing legislation and administrative practices through an article by article analysis of the Convention. Following the recommendations of the Ministerial Advisory Panel on Illict Trade, the UK signed up to the Convention in August 2002 aimed at reducing illicit trade in cultural objects. Defines the term 'illicit trade'. Briefly outlines other legal provisions for the protection of cultural property including the "Undroit Convention on the International Return of Stolen or Illegallly Exported Objects 1995" which compliments the UNESCO Convention 1970, Council Directive 1993/7/EEC"(as amended) and "Council Regulation 3911/1992"(as amended). | ||
| 590 | _aABS | ||
| 650 | _aCONVENTION ON THE MEANS OF PROHIBITING AND PREVENTION OF THE ILLICIT IMPORT, EXPORT AND TRANSFER OF OWNERSHIP OF CULTURAL PROPERTY 1970 | ||
| 650 | _aILLICIT TRADE | ||
| 650 | _aCULTURAL OBJECTS | ||
| 650 | _aCONVENTION ON STOLEN OR ILLEGALLY EXPORTED CULTURAL OBJECTS 1995 | ||
| 650 | _aSTOLEN WORKS OF ART | ||
| 650 | _aCOMMON LAW | ||
| 690 |
_aArts and antiques _96217 |
||
| 942 | _n0 | ||
| 999 |
_c71778 _d71778 |
||